[Event "RUS-ch Rapid 2021"]
[Site "Sochi"]
[Date "2021.10.13"]
[Round "6.22"]
[White "Potapov, Pavel"]
[Black "Zakaryan, David"]
[Result "1/2-1/2"]
[WhiteElo "2481"]
[BlackElo "2283"]
[Annotator "RC"]
[PlyCount "79"]
[EventDate "2021.10.12"]
[EventType "swiss"]
[EventCountry "RUS"]
[SourceTitle "playchess.com"]
[Source "ChessBase"]
[SourceQuality "1"]
[TimeControl "900+10"]

1. e4 {[%emt 0:00:00]} e5 {[%emt 0:00:04]} 2. Nf3 {[%emt 0:00:02]} Nc6 {
[%emt 0:00:03]} 3. Nc3 {[%emt 0:00:11]} Nf6 {[%emt 0:00:00]} 4. d4 {[%emt 0:00:
03]} exd4 {[%emt 0:00:02]} 5. Nxd4 {[%emt 0:00:05]} Bb4 {[%emt 0:00:00]} 6.
Nxc6 {[%emt 0:00:03]} bxc6 {[%emt 0:00:00]} 7. Bd3 {[%emt 0:00:03]} d5 {
[%emt 0:00:11]} 8. exd5 {[%emt 0:00:03]} O-O {[%emt 0:00:00]} 9. O-O {[%emt 0:
00:06]} Bg4 {[%emt 0:00:00]} 10. Be2 {[%emt 0:02:37]} Bxe2 {[%emt 0:00:01]} 11.
Nxe2 {[%emt 0:00:06]} cxd5 {[%emt 0:00:00]} 12. Bg5 {[%emt 0:01:27]} h6 {
[%emt 0:07:15]} 13. Bxf6 {[%emt 0:01:11]} Qxf6 {[%emt 0:00:00]} 14. c3 {
[%emt 0:00:33]} Bd6 {[%emt 0:00:05]} 15. Qxd5 {[%emt 0:01:10]} Rab8 {[%emt 0:
00:02]} 16. Rab1 {[%emt 0:01:30]} Rfe8 {[%emt 0:00:03]} 17. Ng3 {[%emt 0:00:42]
} Rbd8 {[%emt 0:01:45]} 18. Qc4 {[%emt 0:02:04]} Qf4 {[%emt 0:00:54]} 19. Qxf4
{[%emt 0:01:03]} Bxf4 {[%emt 0:00:00]} 20. Rfd1 {[%emt 0:00:15]} Bxg3 {[%emt 0:
00:05]} 21. hxg3 {[%emt 0:00:08]} Rxd1+ {[%emt 0:00:06]} 22. Rxd1 {[%emt 0:00:
00]} Re2 {[%emt 0:00:00]} 23. Rd8+ {[%emt 0:00:29]} Kh7 {[%emt 0:00:00]} 24. b4
{[%emt 0:00:38]} Rxa2 {[%emt 0:05:57]} 25. Rc8 {[%emt 0:00:11]} a5 {[%emt 0:00:
10]} 26. Rxc7 {[%emt 0:02:32]} axb4 {[%emt 0:00:02]} 27. cxb4 {[%emt 0:00:00]}
Rb2 {[%emt 0:00:01]} 28. Rb7 {[%emt 0:00:01]} Rb1+ {[%emt 0:00:05]} 29. Kh2 {
[%emt 0:00:02]} f5 {[%emt 0:00:00]} 30. b5 {[%emt 0:01:18]} Kg6 {[%emt 0:00:01]
} 31. Rb8 {[%emt 0:00:05]} Kg5 {[%emt 0:00:07]} 32. b6 {[%emt 0:00:04]} Kg6 {
[%emt 0:00:41]} 33. Rb7 {[%emt 0:00:13]} Kf6 {[%emt 0:00:03]} 34. f3 {[%emt 0:
00:34]} Kg6 {[%emt 0:00:00]} 35. Rb8 {[%emt 0:00:17]} Kf6 {[%emt 0:00:10]} 36.
Rb7 {[%emt 0:00:16]} Kg6 {[%emt 0:00:00]} 37. g4 {[%emt 0:00:06]} fxg4 {
[%emt 0:00:07]} 38. fxg4 {[%emt 0:00:00]} Rb3 {[%emt 0:00:02]} 39. Kg1 {
[%emt 0:00:55]} Rb2 {[%emt 0:00:00]} 40. Kh2 {[%emt 0:00:07]} 1/2-1/2

[Event "RUS-ch Rapid 2021"]
[Site "Sochi"]
[Date "2021.10.13"]
[Round "6.23"]
[White "Nesterov, Arseniy"]
[Black "Gogolev, Artem"]
[Result "1-0"]
[WhiteElo "2514"]
[BlackElo "2296"]
[Annotator "RC"]
[PlyCount "143"]
[EventDate "2021.10.12"]
[EventType "swiss"]
[EventCountry "RUS"]
[SourceTitle "playchess.com"]
[Source "ChessBase"]
[SourceQuality "1"]
[TimeControl "900+10"]

1. d4 {[%emt 0:00:00]} Nf6 {[%emt 0:03:07]} 2. c4 {[%emt 0:00:08]} e6 {[%emt 0:
00:00]} 3. Nc3 {[%emt 0:00:02]} Bb4 {[%emt 0:00:01]} 4. f3 {[%emt 0:00:00]} d5
{[%emt 0:01:20]} 5. a3 {[%emt 0:00:09]} Be7 {[%emt 0:00:21]} 6. e4 {[%emt 0:00:
05]} dxe4 {[%emt 0:00:10]} 7. fxe4 {[%emt 0:00:00]} c5 {[%emt 0:00:08]} 8. d5 {
[%emt 0:00:00]} exd5 {[%emt 0:00:04]} 9. exd5 {[%emt 0:00:09]} O-O {[%emt 0:00:
02]} 10. Be2 {[%emt 0:00:00]} Bd6 {[%emt 0:00:16]} 11. Nf3 {[%emt 0:00:14]} Bg4
{[%emt 0:00:04]} 12. O-O {[%emt 0:00:20]} Nbd7 {[%emt 0:00:16]} 13. Bg5 {
[%emt 0:01:40]} Re8 {[%emt 0:00:56]} 14. Qd2 {[%emt 0:00:53]} a6 {[%emt 0:01:
03]} 15. Rae1 {[%emt 0:01:20]} Qc7 {[%emt 0:00:12]} 16. h3 {[%emt 0:00:13]}
Bxf3 {[%emt 0:00:55]} 17. Rxf3 {[%emt 0:00:49]} Ne4 {[%emt 0:01:33]} 18. Nxe4 {
[%emt 0:00:21]} Rxe4 {[%emt 0:00:01]} 19. Ref1 {[%emt 0:02:01]} Ne5 {[%emt 0:
02:35]} 20. R3f2 {[%emt 0:00:37]} Re8 {[%emt 0:03:01]} 21. Qc2 {[%emt 0:01:46]}
Ng6 {[%emt 0:00:21]} 22. Bd3 {[%emt 0:01:27]} Re1 {[%emt 0:00:00]} 23. Bd2 {
[%emt 0:00:16]} Rxf1+ {[%emt 0:00:12]} 24. Rxf1 {[%emt 0:00:00]} Qd8 {[%emt 0:
01:05]} 25. Bxg6 {[%emt 0:02:13]} hxg6 {[%emt 0:00:03]} 26. Bf4 {[%emt 0:00:11]
} Qf6 {[%emt 0:00:32]} 27. Bxd6 {[%emt 0:00:06]} Qxd6 {[%emt 0:00:01]} 28. Qf2
{[%emt 0:00:03]} f6 {[%emt 0:00:22]} 29. Re1 {[%emt 0:00:14]} Rxe1+ {[%emt 0:
00:30]} 30. Qxe1 {[%emt 0:00:00]} Kf7 {[%emt 0:00:00]} 31. Qe3 {[%emt 0:00:26]}
b6 {[%emt 0:00:42]} 32. h4 {[%emt 0:00:14]} Qd7 {[%emt 0:00:26]} 33. Qf4 {
[%emt 0:00:52]} Qa4 {[%emt 0:00:04]} 34. Kh2 {[%emt 0:00:31]} Qd1 {[%emt 0:00:
09]} 35. Qe4 {[%emt 0:00:42]} Kf8 {[%emt 0:00:06]} 36. b4 {[%emt 0:00:21]} Qd2
{[%emt 0:00:11]} 37. bxc5 {[%emt 0:00:26]} bxc5 {[%emt 0:00:03]} 38. Qg4 {
[%emt 0:00:28]} f5 {[%emt 0:00:19]} 39. Qxg6 {[%emt 0:00:45]} Qf4+ {[%emt 0:00:
03]} 40. Kh3 {[%emt 0:00:00]} Qe3+ {[%emt 0:00:21]} 41. Qg3 {[%emt 0:00:15]}
Qe4 {[%emt 0:00:06]} 42. Qf3 {[%emt 0:00:42]} Qxc4 {[%emt 0:00:15]} 43. Qxf5+ {
[%emt 0:00:01]} Ke7 {[%emt 0:00:11]} 44. Qe5+ {[%emt 0:00:22]} Kf7 {[%emt 0:00:
06]} 45. Qc7+ {[%emt 0:00:32]} Kf8 {[%emt 0:00:13]} 46. Qd8+ {[%emt 0:00:18]}
Kf7 {[%emt 0:00:02]} 47. Qd7+ {[%emt 0:00:05]} Kf8 {[%emt 0:00:04]} 48. d6 {
[%emt 0:00:15]} Qd3+ {[%emt 0:00:24]} 49. Kh2 {[%emt 0:00:02]} Qe4 {[%emt 0:00:
04]} 50. Qd8+ {[%emt 0:00:14]} Kf7 {[%emt 0:00:00]} 51. Qg5 {[%emt 0:00:24]}
Qe6 {[%emt 0:00:15]} 52. Qxc5 {[%emt 0:00:04]} Qg4 {[%emt 0:00:23]} 53. Qd5+ {
[%emt 0:00:00]} Ke8 {[%emt 0:00:03]} 54. Qc6+ {[%emt 0:00:12]} Kf7 {[%emt 0:00:
03]} 55. Qf3+ {[%emt 0:00:28]} Qxf3 {[%emt 0:00:06]} 56. gxf3 {[%emt 0:00:01]}
Ke6 {[%emt 0:00:02]} 57. Kg3 {[%emt 0:00:00]} Kxd6 {[%emt 0:00:01]} 58. Kf4 {
[%emt 0:00:08]} a5 {[%emt 0:00:07]} 59. Kg5 {[%emt 0:00:12]} Ke7 {[%emt 0:00:
09]} 60. Kg6 {[%emt 0:00:23]} Kf8 {[%emt 0:00:00]} 61. a4 {[%emt 0:00:00]} Kg8
{[%emt 0:00:04]} 62. h5 {[%emt 0:00:03]} Kf8 {[%emt 0:00:05]} 63. h6 {[%emt 0:
00:05]} Kg8 {[%emt 0:00:10]} 64. f4 {[%emt 0:00:10]} gxh6 {[%emt 0:00:10]} 65.
Kxh6 {[%emt 0:00:00]} Kf7 {[%emt 0:00:02]} 66. Kg5 {[%emt 0:00:01]} Kg7 {
[%emt 0:00:01]} 67. Kf5 {[%emt 0:00:01]} Kf7 {[%emt 0:00:03]} 68. Ke5 {[%emt 0:
00:01]} Ke7 {[%emt 0:00:00]} 69. Kd5 {[%emt 0:00:03]} Kf6 {[%emt 0:00:00]} 70.
Kc5 {[%emt 0:00:01]} Kf5 {[%emt 0:00:11]} 71. Kb5 {[%emt 0:00:00]} Kxf4 {
[%emt 0:00:00]} 72. Kxa5 {[%emt 0:00:00]} 1-0

[Event "RUS-ch Rapid 2021"]
[Site "Sochi"]
[Date "2021.10.13"]
[Round "6.24"]
[White "Zakhartsov, Vladimir"]
[Black "Gavrilov, Maxim"]
[Result "1-0"]
[WhiteElo "2514"]
[BlackElo "2070"]
[Annotator "RC"]
[PlyCount "95"]
[EventDate "2021.10.12"]
[EventType "swiss"]
[EventCountry "RUS"]
[SourceTitle "playchess.com"]
[Source "ChessBase"]
[SourceQuality "1"]
[TimeControl "900+10"]

1. e4 {[%emt 0:00:00]} c5 {[%emt 0:00:04]} 2. Ne2 {[%emt 0:00:02]} d6 {[%emt 0:
00:08]} 3. g3 {[%emt 0:00:02]} Nc6 {[%emt 0:00:15]} 4. Bg2 {[%emt 0:00:18]} g6
{[%emt 0:00:00]} 5. c3 {[%emt 0:00:05]} Bg7 {[%emt 0:00:20]} 6. h3 {[%emt 0:00:
39]} e5 {[%emt 0:00:54]} 7. d3 {[%emt 0:00:10]} Nge7 {[%emt 0:00:14]} 8. a3 {
[%emt 0:00:16]} O-O {[%emt 0:01:05]} 9. b4 {[%emt 0:00:05]} a6 {[%emt 0:00:51]}
10. Be3 {[%emt 0:00:27]} cxb4 {[%emt 0:01:31]} 11. axb4 {[%emt 0:00:02]} Be6 {
[%emt 0:00:16]} 12. O-O {[%emt 0:00:15]} d5 {[%emt 0:00:22]} 13. Na3 {[%emt 0:
02:43]} d4 {[%emt 0:02:43]} 14. cxd4 {[%emt 0:00:00]} exd4 {[%emt 0:00:02]} 15.
Bd2 {[%emt 0:00:05]} Qd7 {[%emt 0:00:12]} 16. Nf4 {[%emt 0:00:13]} b5 {[%emt 0:
00:32]} 17. Nxe6 {[%emt 0:00:14]} fxe6 {[%emt 0:00:30]} 18. Qb3 {[%emt 0:00:48]
} Kh8 {[%emt 0:00:21]} 19. f4 {[%emt 0:00:08]} e5 {[%emt 0:00:33]} 20. Rf2 {
[%emt 0:00:49]} exf4 {[%emt 0:01:14]} 21. gxf4 {[%emt 0:00:09]} Rac8 {[%emt 0:
00:32]} 22. Nc2 {[%emt 0:00:10]} Qa7 {[%emt 0:00:59]} 23. Qa2 {[%emt 0:00:34]}
Nb8 {[%emt 0:00:39]} 24. Raf1 {[%emt 0:00:11]} Qc7 {[%emt 0:00:12]} 25. Ne1 {
[%emt 0:00:06]} Qd7 {[%emt 0:01:07]} 26. Nf3 {[%emt 0:00:07]} Nec6 {[%emt 0:01:
49]} 27. Ng5 {[%emt 0:00:21]} Rce8 {[%emt 0:00:21]} 28. e5 {[%emt 0:00:15]} Qe7
{[%emt 0:00:36]} 29. Qb3 {[%emt 0:00:19]} h6 {[%emt 0:00:38]} 30. Ne4 {[%emt 0:
00:03]} Qh4 {[%emt 0:00:28]} 31. Nd6 {[%emt 0:00:25]} Re7 {[%emt 0:00:07]} 32.
Qd1 {[%emt 0:01:37]} Qg3 {[%emt 0:00:43]} 33. Be1 {[%emt 0:01:11]} Qh4 {
[%emt 0:00:11]} 34. Rc2 {[%emt 0:00:17]} Qh5 {[%emt 0:00:06]} 35. Qxh5 {
[%emt 0:00:02]} gxh5 {[%emt 0:00:06]} 36. Rxc6 {[%emt 0:01:08]} Nxc6 {[%emt 0:
00:04]} 37. Bxc6 {[%emt 0:00:00]} Rc7 {[%emt 0:00:18]} 38. Be4 {[%emt 0:00:05]}
Rc1 {[%emt 0:00:06]} 39. Nf5 {[%emt 0:00:18]} Rfc8 {[%emt 0:00:05]} 40. Nxg7 {
[%emt 0:00:04]} Kxg7 {[%emt 0:00:01]} 41. Bh4 {[%emt 0:00:09]} Rxf1+ {[%emt 0:
00:04]} 42. Kxf1 {[%emt 0:00:03]} Kf7 {[%emt 0:00:25]} 43. f5 {[%emt 0:00:04]}
a5 {[%emt 0:00:02]} 44. e6+ {[%emt 0:00:11]} Kf8 {[%emt 0:00:08]} 45. e7+ {
[%emt 0:00:16]} Ke8 {[%emt 0:00:23]} 46. f6 {[%emt 0:00:09]} a4 {[%emt 0:00:00]
} 47. Bg6+ {[%emt 0:00:09]} Kd7 {[%emt 0:00:02]} 48. f7 {[%emt 0:00:09]} 1-0

[Event "RUS-ch Rapid 2021"]
[Site "Sochi"]
[Date "2021.10.13"]
[Round "7.1"]
[White "Tsydypov, Zhamsaran"]
[Black "Artemiev, Vladislav"]
[Result "1-0"]
[WhiteElo "2526"]
[BlackElo "2699"]
[Annotator "TA"]
[PlyCount "137"]
[EventDate "2021.10.12"]
[EventType "swiss"]
[EventCountry "RUS"]
[SourceTitle "playchess.com"]
[Source "ChessBase"]
[SourceQuality "1"]

{[%evp 9,137,24,35,30,16,22,20,24,14,20,15,24,30,0,0,0,0,0,10,-50,-75,-73,-49,
-81,-66,-86,-60,-52,-51,-97,-102,-160,-121,-135,-77,-53,-38,-41,13,13,13,12,14,
10,19,25,28,27,25,33,96,71,148,141,212,154,141,112,162,161,133,155,254,176,163,
76,142,147,141,104,109,108,116,129,159,154,193,190,208,212,349,321,520,498,586,
581,528,424,407,384,29975,29976,29976,29972,29973,29974,29974,29975,29973,
29976,29976,29976,29975,29977,29977,29979,29978,29979,29979,29978,29978,29979,
29982,29983,29983,29984,29984,29985,29985,29986,29987,29986,29989,29990,29990,
29985,29989,29985,29991,29992]} 1. e4 c5 2. Nf3 e6 3. d4 cxd4 4. Nxd4 Nc6 5.
Nc3 Qc7 6. Qd3 {B47: Sicilian: Taimanov: 5 Nc3 Qc7 6 f4, 6 g3 and 6 Be2.} Nf6
7. Ndb5 Qb8 8. Qg3 {Hoping for Nc7+.The position is equal.} d6 $1 {Threatening
...a6.} 9. Be3 {0-0-0 is the strong threat.} a6 10. Nd4 Bd7 11. O-O-O b5 12. f3
Nxd4 13. Bxd4 b4 14. Ne2 (14. Bxf6 $11 gxf6 15. Nb1) 14... e5 $15 15. Be3 {[#]}
a5 $146 ({Predecessor:} 15... Be6 16. Kb1 a5 17. Nc1 a4 18. Qe1 d5 19. Nd3 b3
20. cxb3 axb3 21. a3 d4 {1/2-1/2 (47) Ansat,A (2396)-Gurel,E (2353) Tornelo
INT 2021}) 16. Kb1 Be7 17. Qe1 ({Don't blunder} 17. Qxg7 $2 Rg8 $19) 17... a4
18. g4 Be6 19. g5 Nd7 20. Nc1 (20. c4 $142) 20... O-O $17 21. h4 Rc8 (21... b3
$142 22. cxb3 axb3) 22. Bh3 Qc7 23. Qd2 b3 (23... Bxh3 $15 24. Rxh3 Nc5) 24.
cxb3 $11 axb3 25. Nxb3 Bxb3 26. axb3 Qb7 27. Rc1 Rcb8 28. Bxd7 Qxd7 29. Qd5 Ra6
(29... Qe6 $14) 30. h5 $16 Rba8 (30... g6 $142) 31. g6 $1 Bf6 (31... Qe6 $16)
32. Qxf7+ Qxf7 33. gxf7+ Kxf7 34. Rc7+ Ke6 {Threatens to win with ...Ra1+.} 35.
Kc2 h6 (35... Rg8 $16 {is a better defense.} 36. b4 Raa8) 36. Rd1 Rb8 37. Rc4 (
37. Bd2 $18 {and White stays clearly on top.}) 37... Ra5 (37... Bg5 $142 38.
Bxg5 hxg5) 38. b4 Rab5 39. Kb3 Be7 40. Rg1 d5 {[#]} 41. exd5+ Kxd5 {[%cal
Re7b4]} 42. Bd2 ({Not} 42. Rxg7 $2 Bxb4 43. Rd7+ Bd6+ 44. Kc3 Rb3+ 45. Kd2 Kxc4
$19) 42... Rf8 43. Rxg7 Rxf3+ 44. Rc3 Rxb4+ (44... Bxb4 {was necessary.} 45.
Rxf3 Bxd2+ 46. Kc2 Ke4) 45. Kc2 $18 Rxc3+ (45... Rf5 46. Rxe7 Rxh5) 46. bxc3 {
[%mdl 4096] Endgame KRB-KRB} Rb7 47. Bxh6 Ra7 48. Bc1 Ke6 {[#]} 49. Bg5 $1 Bc5
(49... Ra2+ $18 50. Kb1 Rh2 51. Rxe7+ Kf5) 50. Rxa7 {White mates.} Bxa7 {KB-KB}
51. Kd3 Kf5 52. Be3 e4+ 53. Kd2 Bb8 54. c4 Bd6 55. Kc3 Be5+ 56. Kc2 Bd6 57. h6
Kg6 58. Kc3 Be5+ 59. Kb4 Kf5 60. c5 Kg4 61. c6 Kf3 {[#]} 62. h7 $1 Kxe3 63. c7
{[%mdl 64] Deflection, Promotion} Bxc7 64. h8=Q Bf4 65. Kc3 Kf2 66. Qh4+ Kf3
67. Kc2 e3 68. Qh5+ Kf2 69. Kd3 {Weighted Error Value: White=0.11/Black=0.34}
1-0

[Event "RUS-ch Rapid 2021"]
[Site "Sochi"]
[Date "2021.10.13"]
[Round "7.2"]
[White "Iljiushenok, Ilia"]
[Black "Sarana, Alexey"]
[Result "1-0"]
[WhiteElo "2554"]
[BlackElo "2649"]
[Annotator "RC"]
[PlyCount "89"]
[EventDate "2021.10.12"]
[EventType "swiss"]
[EventCountry "RUS"]
[SourceTitle "playchess.com"]
[Source "ChessBase"]
[SourceQuality "1"]
[TimeControl "900+10"]

1. e4 {[%emt 0:00:04]} e5 {[%emt 0:00:00]} 2. Nc3 {[%emt 0:00:04]} Nc6 {
[%emt 0:00:02]} 3. Bc4 {[%emt 0:00:00]} Bc5 {[%emt 0:01:36]} 4. Qg4 {[%emt 0:
00:02]} g6 {[%emt 0:00:45]} 5. Qf3 {[%emt 0:00:00]} Nf6 {[%emt 0:00:11]} 6.
Nge2 {[%emt 0:00:25]} d6 {[%emt 0:00:12]} 7. d3 {[%emt 0:00:36]} Bg4 {[%emt 0:
00:37]} 8. Qg3 {[%emt 0:00:00]} Qd7 {[%emt 0:00:18]} 9. Qh4 {[%emt 0:01:07]}
Ng8 {[%emt 0:01:13]} 10. h3 {[%emt 0:04:47]} Be6 {[%emt 0:00:10]} 11. Nd5 {
[%emt 0:00:44]} Nce7 {[%emt 0:01:30]} 12. Nec3 {[%emt 0:01:47]} O-O-O {[%emt 0:
03:09]} 13. Bg5 {[%emt 0:00:33]} Bxd5 {[%emt 0:03:10]} 14. Nxd5 {[%emt 0:01:52]
} Nxd5 {[%emt 0:00:00]} 15. Bxd5 {[%emt 0:00:06]} f6 {[%emt 0:00:19]} 16. Bd2 {
[%emt 0:00:52]} Ne7 {[%emt 0:00:10]} 17. Bb3 {[%emt 0:00:00]} h5 {[%emt 0:00:
33]} 18. O-O-O {[%emt 0:00:53]} g5 {[%emt 0:00:52]} 19. Qg3 {[%emt 0:00:00]}
Rdf8 {[%emt 0:00:00]} 20. h4 {[%emt 0:01:09]} Ng6 {[%emt 0:01:13]} 21. hxg5 {
[%emt 0:00:12]} h4 {[%emt 0:00:00]} 22. Qh3 {[%emt 0:00:07]} Qxh3 {[%emt 0:00:
03]} 23. Rxh3 {[%emt 0:00:05]} Bxf2 {[%emt 0:00:17]} 24. Rf3 {[%emt 0:00:40]}
fxg5 {[%emt 0:00:21]} 25. Be6+ {[%emt 0:00:00]} Kb8 {[%emt 0:00:59]} 26. Bf5 {
[%emt 0:00:02]} Bb6 {[%emt 0:00:53]} 27. Bxg6 {[%emt 0:00:05]} Rxf3 {[%emt 0:
00:06]} 28. gxf3 {[%emt 0:00:00]} h3 {[%emt 0:00:00]} 29. Rh1 {[%emt 0:00:17]}
h2 {[%emt 0:00:01]} 30. Kd1 {[%emt 0:00:07]} Bg1 {[%emt 0:00:47]} 31. Bf5 {
[%emt 0:00:16]} d5 {[%emt 0:00:32]} 32. exd5 {[%emt 0:00:03]} Rf8 {[%emt 0:00:
11]} 33. Bg4 {[%emt 0:00:03]} Rd8 {[%emt 0:00:13]} 34. Ke2 {[%emt 0:00:06]}
Rxd5 {[%emt 0:00:00]} 35. Be3 {[%emt 0:00:07]} Ra5 {[%emt 0:00:04]} 36. a3 {
[%emt 0:00:14]} Rb5 {[%emt 0:00:00]} 37. b3 {[%emt 0:00:08]} Ra5 {[%emt 0:00:
07]} 38. a4 {[%emt 0:00:35]} b5 {[%emt 0:00:00]} 39. Bxg1 {[%emt 0:00:07]}
hxg1=Q {[%emt 0:00:00]} 40. Rxg1 {[%emt 0:00:03]} bxa4 {[%emt 0:00:04]} 41.
bxa4 {[%emt 0:00:01]} Rxa4 {[%emt 0:00:07]} 42. Be6 {[%emt 0:00:07]} Ra6 {
[%emt 0:00:00]} 43. Bf5 {[%emt 0:00:14]} Rh6 {[%emt 0:00:06]} 44. Rxg5 {
[%emt 0:00:10]} Rh2+ {[%emt 0:00:00]} 45. Kd1 {[%emt 0:00:00]} 1-0

[Event "RUS-ch Rapid 2021"]
[Site "Sochi"]
[Date "2021.10.13"]
[Round "7.3"]
[White "Bocharov, Dmitry"]
[Black "Riazantsev, Alexander"]
[Result "0-1"]
[WhiteElo "2517"]
[BlackElo "2634"]
[Annotator "RC"]
[PlyCount "54"]
[EventDate "2021.10.12"]
[EventType "swiss"]
[EventCountry "RUS"]
[SourceTitle "playchess.com"]
[Source "ChessBase"]
[SourceQuality "1"]
[TimeControl "900+10"]

1. c4 {[%emt 0:00:04]} e6 {[%emt 0:00:22]} 2. Nf3 {[%emt 0:00:05]} d5 {[%emt 0:
00:03]} 3. e3 {[%emt 0:00:13]} Nf6 {[%emt 0:00:00]} 4. b3 {[%emt 0:00:32]} Bd6
{[%emt 0:00:07]} 5. Bb2 {[%emt 0:00:11]} O-O {[%emt 0:00:00]} 6. Nc3 {[%emt 0:
00:14]} Re8 {[%emt 0:00:01]} 7. Be2 {[%emt 0:02:37]} b6 {[%emt 0:00:58]} 8. Qc2
{[%emt 0:01:25]} c5 {[%emt 0:00:18]} 9. cxd5 {[%emt 0:02:35]} exd5 {[%emt 0:04:
08]} 10. d4 {[%emt 0:00:40]} Bb7 {[%emt 0:00:27]} 11. O-O {[%emt 0:00:03]} Nbd7
{[%emt 0:00:28]} 12. Rfd1 {[%emt 0:00:11]} Rc8 {[%emt 0:00:54]} 13. Qf5 {
[%emt 0:00:21]} Qe7 {[%emt 0:01:47]} 14. Rac1 {[%emt 0:00:42]} a6 {[%emt 0:00:
10]} 15. dxc5 {[%emt 0:02:31]} bxc5 {[%emt 0:00:13]} 16. Nxd5 {[%emt 0:00:24]}
Nxd5 {[%emt 0:02:00]} 17. Rxd5 {[%emt 0:00:00]} Bxd5 {[%emt 0:00:00]} 18. Qxd5
{[%emt 0:00:06]} Ne5 {[%emt 0:00:00]} 19. Bxe5 {[%emt 0:00:43]} Bxe5 {[%emt 0:
00:00]} 20. Bxa6 {[%emt 0:00:21]} Bb2 {[%emt 0:01:02]} 21. Rb1 {[%emt 0:00:46]}
Ra8 {[%emt 0:02:57]} 22. Qc4 {[%emt 0:00:54]} Qa7 {[%emt 0:01:08]} 23. Bb5 {
[%emt 0:01:53]} Qxa2 {[%emt 0:00:03]} 24. Qc2 {[%emt 0:00:06]} Reb8 {[%emt 0:
00:34]} 25. Ba4 {[%emt 0:00:19]} c4 {[%emt 0:01:13]} 26. Rxb2 {[%emt 0:00:23]}
cxb3 {[%emt 0:00:00]} 27. Bxb3 {[%emt 0:00:12]} Qxb3 {[%emt 0:00:23]} 0-1

[Event "RUS-ch Rapid 2021"]
[Site "Sochi"]
[Date "2021.10.13"]
[Round "7.4"]
[White "Triapishko, Alexandr"]
[Black "Sjugirov, Sanan"]
[Result "0-1"]
[WhiteElo "2506"]
[BlackElo "2663"]
[Annotator "RC"]
[PlyCount "106"]
[EventDate "2021.10.12"]
[EventType "swiss"]
[EventCountry "RUS"]
[SourceTitle "playchess.com"]
[Source "ChessBase"]
[SourceQuality "1"]
[TimeControl "900+10"]

1. Nf3 {[%emt 0:01:08]} Nf6 {[%emt 0:00:34]} 2. g3 {[%emt 0:00:13]} d5 {
[%emt 0:00:25]} 3. Bg2 {[%emt 0:00:05]} e6 {[%emt 0:00:22]} 4. O-O {[%emt 0:00:
12]} Be7 {[%emt 0:00:07]} 5. d3 {[%emt 0:00:55]} O-O {[%emt 0:02:19]} 6. Bf4 {
[%emt 0:00:16]} Bd6 {[%emt 0:00:57]} 7. Bxd6 {[%emt 0:01:25]} cxd6 {[%emt 0:00:
00]} 8. c4 {[%emt 0:01:12]} Nc6 {[%emt 0:00:43]} 9. cxd5 {[%emt 0:01:28]} Nxd5
{[%emt 0:00:00]} 10. Nbd2 {[%emt 0:00:08]} Bd7 {[%emt 0:00:40]} 11. Rc1 {
[%emt 0:01:19]} Qe7 {[%emt 0:00:28]} 12. a3 {[%emt 0:01:56]} Rfc8 {[%emt 0:01:
10]} 13. Ne4 {[%emt 0:01:13]} h6 {[%emt 0:01:11]} 14. Nc3 {[%emt 0:00:56]} Nf6
{[%emt 0:00:19]} 15. e4 {[%emt 0:00:54]} e5 {[%emt 0:04:35]} 16. h3 {[%emt 0:
00:13]} Nh7 {[%emt 0:00:20]} 17. Qd2 {[%emt 0:03:18]} Ng5 {[%emt 0:00:50]} 18.
Nxg5 {[%emt 0:00:03]} hxg5 {[%emt 0:00:00]} 19. Ne2 {[%emt 0:00:35]} Qf6 {
[%emt 0:00:25]} 20. Qe3 {[%emt 0:00:43]} Be6 {[%emt 0:00:14]} 21. b4 {[%emt 0:
00:14]} b6 {[%emt 0:00:42]} 22. f4 {[%emt 0:00:11]} gxf4 {[%emt 0:00:06]} 23.
gxf4 {[%emt 0:00:00]} Qh6 {[%emt 0:00:06]} 24. Rc3 {[%emt 0:00:22]} Ne7 {
[%emt 0:00:33]} 25. Qg3 {[%emt 0:00:10]} Rxc3 {[%emt 0:00:21]} 26. Nxc3 {
[%emt 0:00:00]} Rc8 {[%emt 0:00:00]} 27. Ne2 {[%emt 0:00:21]} Rc2 {[%emt 0:00:
00]} 28. Rf2 {[%emt 0:00:06]} f6 {[%emt 0:00:27]} 29. h4 {[%emt 0:00:06]} Bf7 {
[%emt 0:00:30]} 30. Bf3 {[%emt 0:00:15]} Rd2 {[%emt 0:00:20]} 31. Bg4 {[%emt 0:
00:11]} Ng6 {[%emt 0:00:11]} 32. fxe5 {[%emt 0:00:10]} Nxe5 {[%emt 0:00:23]}
33. Nf4 {[%emt 0:00:09]} Rxf2 {[%emt 0:00:40]} 34. Kxf2 {[%emt 0:00:00]} Qxf4+
{[%emt 0:00:07]} 35. Qxf4 {[%emt 0:00:02]} Nxd3+ {[%emt 0:00:02]} 36. Ke3 {
[%emt 0:00:01]} Nxf4 {[%emt 0:00:00]} 37. Kxf4 {[%emt 0:00:08]} Kh7 {[%emt 0:
00:09]} 38. Ke3 {[%emt 0:00:31]} Kh6 {[%emt 0:00:17]} 39. Kd4 {[%emt 0:00:01]}
Bh5 {[%emt 0:00:15]} 40. Bd7 {[%emt 0:00:08]} Bf3 {[%emt 0:00:37]} 41. Be8 {
[%emt 0:00:26]} g6 {[%emt 0:00:17]} 42. Ke3 {[%emt 0:00:10]} Bg4 {[%emt 0:00:
02]} 43. Kf4 {[%emt 0:00:07]} Be6 {[%emt 0:00:04]} 44. Ke3 {[%emt 0:00:16]} Kg7
{[%emt 0:00:13]} 45. Kf4 {[%emt 0:00:10]} Bc8 {[%emt 0:00:07]} 46. Ke3 {
[%emt 0:00:10]} g5 {[%emt 0:00:04]} 47. hxg5 {[%emt 0:00:12]} fxg5 {[%emt 0:00:
01]} 48. Kd4 {[%emt 0:00:07]} Kf6 {[%emt 0:00:01]} 49. Kd5 {[%emt 0:00:04]} Ke7
{[%emt 0:00:01]} 50. Bh5 {[%emt 0:00:16]} g4 {[%emt 0:00:53]} 51. e5 {[%emt 0:
00:11]} Bb7+ {[%emt 0:00:07]} 52. Kd4 {[%emt 0:00:00]} dxe5+ {[%emt 0:00:07]}
53. Kxe5 {[%emt 0:00:11]} g3 {[%emt 0:00:02]} 0-1

[Event "RUS-ch Rapid 2021"]
[Site "Sochi"]
[Date "2021.10.13"]
[Round "7.5"]
[White "Timofeev, Artyom"]
[Black "Alekseev, Evgeny"]
[Result "1/2-1/2"]
[WhiteElo "2586"]
[BlackElo "2602"]
[Annotator "RC"]
[PlyCount "20"]
[EventDate "2021.10.12"]
[EventType "swiss"]
[EventCountry "RUS"]
[SourceTitle "playchess.com"]
[Source "ChessBase"]
[SourceQuality "1"]
[TimeControl "900+10"]

1. c4 {[%emt 0:00:04]} c5 {[%emt 0:00:06]} 2. Nc3 {[%emt 0:00:09]} g6 {[%emt 0:
00:00]} 3. g3 {[%emt 0:00:00]} Bg7 {[%emt 0:00:03]} 4. Bg2 {[%emt 0:00:02]} Nc6
{[%emt 0:00:07]} 5. Nf3 {[%emt 0:00:10]} d6 {[%emt 0:00:03]} 6. O-O {[%emt 0:
00:11]} e6 {[%emt 0:00:09]} 7. e3 {[%emt 0:00:36]} Nge7 {[%emt 0:00:11]} 8. d4
{[%emt 0:00:01]} O-O {[%emt 0:00:01]} 9. Re1 {[%emt 0:01:03]} cxd4 {[%emt 0:01:
57]} 10. Bf1 {[%emt 0:00:45]} Nb8 {[%emt 0:00:00]} 1/2-1/2